<?xml version="1.0" encoding="UTF-8"?>
<record
    xmlns:xsi="http://www.w3.org/2001/XMLSchema-instance"
    xsi:schemaLocation="http://www.loc.gov/MARC21/slim http://www.loc.gov/standards/marcxml/schema/MARC21slim.xsd"
    xmlns="http://www.loc.gov/MARC21/slim">

  <leader>00843nam a22002177a 4500</leader>
  <controlfield tag="003">OSt</controlfield>
  <controlfield tag="005">20150408114034.0</controlfield>
  <controlfield tag="008">120512s2011    jo ak  g b    00| 0 ara d</controlfield>
  <datafield tag="040" ind1=" " ind2=" ">
    <subfield code="c">MU</subfield>
  </datafield>
  <datafield tag="082" ind1="0" ind2="4">
    <subfield code="2">21</subfield>
    <subfield code="a">004.67</subfield>
    <subfield code="b">&#x62D; &#x641; &#x623;</subfield>
  </datafield>
  <datafield tag="100" ind1="1" ind2=" ">
    <subfield code="a">&#x627;&#x644;&#x62D;&#x645;&#x648;&#x64A;&#x60C; &#x641;&#x627;&#x64A;&#x632; &#x645;&#x635;&#x637;&#x641;&#x649;.</subfield>
    <subfield code="9">3457</subfield>
  </datafield>
  <datafield tag="245" ind1=" " ind2=" ">
    <subfield code="a">&#x623;&#x633;&#x627;&#x633;&#x64A;&#x627;&#x62A; &#x634;&#x628;&#x643;&#x627;&#x62A; &#x627;&#x644;&#x62D;&#x627;&#x633;&#x648;&#x628; =</subfield>
    <subfield code="b">Fundamental of Computer Computer networks /</subfield>
    <subfield code="c">&#x641;&#x627;&#x64A;&#x632; &#x645;&#x635;&#x637;&#x641;&#x649; &#x627;&#x644;&#x62D;&#x645;&#x648;&#x64A;&#x60C; &#x639;&#x62F;&#x646;&#x627;&#x646; &#x647;&#x627;&#x62F;&#x64A; &#x627;&#x644;&#x647;&#x644;&#x627;&#x644;&#x64A;.</subfield>
  </datafield>
  <datafield tag="246" ind1="3" ind2="1">
    <subfield code="a">Fundamental of Computer Computer networks</subfield>
  </datafield>
  <datafield tag="250" ind1=" " ind2=" ">
    <subfield code="a">&#x637;. 1.</subfield>
  </datafield>
  <datafield tag="260" ind1=" " ind2=" ">
    <subfield code="a">&#x639;&#x645;&#x627;&#x646;&#x60C; &#x627;&#x644;&#x623;&#x631;&#x62F;&#x646; :</subfield>
    <subfield code="b">&#x62C;&#x647;&#x64A;&#x646;&#x629;&#x60C;</subfield>
    <subfield code="c">2011.</subfield>
  </datafield>
  <datafield tag="300" ind1=" " ind2=" ">
    <subfield code="a">272 &#x635;. :</subfield>
    <subfield code="b">&#x625;&#x64A;&#x636;. &#x61B;</subfield>
    <subfield code="c">24 &#x633;&#x645;.</subfield>
  </datafield>
  <datafield tag="504" ind1=" " ind2=" ">
    <subfield code="a">&#x628;&#x628;&#x644;&#x64A;&#x648;&#x62C;&#x631;&#x627;&#x641;&#x64A;&#x629; : &#x635;. 271-272.</subfield>
  </datafield>
  <datafield tag="650" ind1=" " ind2="4">
    <subfield code="a">&#x634;&#x628;&#x643;&#x627;&#x62A; &#x627;&#x644;&#x62D;&#x627;&#x633;&#x628;&#x627;&#x62A; &#x627;&#x644;&#x625;&#x644;&#x643;&#x62A;&#x631;&#x648;&#x646;&#x64A;&#x629;.</subfield>
  </datafield>
  <datafield tag="700" ind1="1" ind2=" ">
    <subfield code="a">&#x627;&#x644;&#x647;&#x644;&#x627;&#x644;&#x64A;&#x60C; &#x639;&#x62F;&#x646;&#x627;&#x646; &#x647;&#x627;&#x62F;&#x64A;.</subfield>
    <subfield code="9">3458</subfield>
  </datafield>
  <datafield tag="942" ind1=" " ind2=" ">
    <subfield code="2">ddc</subfield>
    <subfield code="c">DVD</subfield>
  </datafield>
  <datafield tag="999" ind1=" " ind2=" ">
    <subfield code="c">23156</subfield>
    <subfield code="d">257656</subfield>
  </datafield>
  <datafield tag="952" ind1=" " ind2=" ">
    <subfield code="1">0</subfield>
    <subfield code="2">2013-03-10</subfield>
    <subfield code="4">0</subfield>
    <subfield code="7">0</subfield>
    <subfield code="a">004.67 &#x62D; &#x641; &#x623;</subfield>
    <subfield code="c">&#x646; 1</subfield>
    <subfield code="d">2012-05-12</subfield>
    <subfield code="h">CL</subfield>
    <subfield code="i">00104762</subfield>
    <subfield code="m">CL</subfield>
    <subfield code="r">2013-03-10 00:00:00</subfield>
    <subfield code="t">BOOK</subfield>
    <subfield code="w">ddc</subfield>
    <subfield code="y">0</subfield>
  </datafield>
  <datafield tag="952" ind1=" " ind2=" ">
    <subfield code="1">0</subfield>
    <subfield code="2">2013-03-10</subfield>
    <subfield code="4">0</subfield>
    <subfield code="7">0</subfield>
    <subfield code="a">004.67 &#x62D; &#x641; &#x623;</subfield>
    <subfield code="c">&#x646; 2</subfield>
    <subfield code="d">2012-05-12</subfield>
    <subfield code="h">CL</subfield>
    <subfield code="i">00104763</subfield>
    <subfield code="m">CL</subfield>
    <subfield code="r">2013-03-10 00:00:00</subfield>
    <subfield code="t">BOOK</subfield>
    <subfield code="w">ddc</subfield>
    <subfield code="y">0</subfield>
  </datafield>
  <datafield tag="952" ind1=" " ind2=" ">
    <subfield code="1">0</subfield>
    <subfield code="2">2013-03-10</subfield>
    <subfield code="4">0</subfield>
    <subfield code="7">0</subfield>
    <subfield code="a">004.67 &#x62D; &#x641; &#x623;</subfield>
    <subfield code="c">&#x646; 3</subfield>
    <subfield code="d">2012-05-12</subfield>
    <subfield code="h">CL</subfield>
    <subfield code="i">00104764</subfield>
    <subfield code="m">CL</subfield>
    <subfield code="r">2013-03-10 00:00:00</subfield>
    <subfield code="t">BOOK</subfield>
    <subfield code="w">ddc</subfield>
    <subfield code="y">0</subfield>
  </datafield>
  <datafield tag="952" ind1=" " ind2=" ">
    <subfield code="1">0</subfield>
    <subfield code="2">2013-03-10</subfield>
    <subfield code="4">0</subfield>
    <subfield code="7">0</subfield>
    <subfield code="a">004.67 &#x62D; &#x641; &#x623;</subfield>
    <subfield code="c">&#x646; 1</subfield>
    <subfield code="d">2012-05-12</subfield>
    <subfield code="h">EZF</subfield>
    <subfield code="i">00104765</subfield>
    <subfield code="m">EZF</subfield>
    <subfield code="r">2013-03-10 00:00:00</subfield>
    <subfield code="t">BOOK</subfield>
    <subfield code="w">ddc</subfield>
    <subfield code="y">0</subfield>
  </datafield>
  <datafield tag="952" ind1=" " ind2=" ">
    <subfield code="1">0</subfield>
    <subfield code="2">2013-03-10</subfield>
    <subfield code="4">0</subfield>
    <subfield code="7">0</subfield>
    <subfield code="a">004.67 &#x62D; &#x641; &#x623;</subfield>
    <subfield code="c">&#x646; 2</subfield>
    <subfield code="d">2012-05-12</subfield>
    <subfield code="h">EZF</subfield>
    <subfield code="i">00104766</subfield>
    <subfield code="m">EZF</subfield>
    <subfield code="q">2013-02-10</subfield>
    <subfield code="r">2013-03-10 00:00:00</subfield>
    <subfield code="t">BOOK</subfield>
    <subfield code="w">ddc</subfield>
    <subfield code="y">1</subfield>
  </datafield>
  <datafield tag="952" ind1=" " ind2=" ">
    <subfield code="1">0</subfield>
    <subfield code="2">2013-03-10</subfield>
    <subfield code="4">0</subfield>
    <subfield code="7">0</subfield>
    <subfield code="a">004.67 &#x62D; &#x641; &#x623;</subfield>
    <subfield code="c">&#x646; 1</subfield>
    <subfield code="d">2012-05-12</subfield>
    <subfield code="h">EMF</subfield>
    <subfield code="i">00104724</subfield>
    <subfield code="m">EMF</subfield>
    <subfield code="r">2013-03-10 00:00:00</subfield>
    <subfield code="t">BOOK</subfield>
    <subfield code="w">ddc</subfield>
    <subfield code="y">0</subfield>
  </datafield>
  <datafield tag="952" ind1=" " ind2=" ">
    <subfield code="1">0</subfield>
    <subfield code="2">2013-03-10</subfield>
    <subfield code="4">0</subfield>
    <subfield code="7">0</subfield>
    <subfield code="a">004.67 &#x62D; &#x641; &#x623;</subfield>
    <subfield code="c">&#x646; 2</subfield>
    <subfield code="d">2012-05-12</subfield>
    <subfield code="h">EMF</subfield>
    <subfield code="i">00104725</subfield>
    <subfield code="m">EMF</subfield>
    <subfield code="r">2013-03-10 00:00:00</subfield>
    <subfield code="t">BOOK</subfield>
    <subfield code="w">ddc</subfield>
    <subfield code="y">0</subfield>
  </datafield>
  <datafield tag="952" ind1=" " ind2=" ">
    <subfield code="1">0</subfield>
    <subfield code="2">2013-03-10</subfield>
    <subfield code="4">0</subfield>
    <subfield code="7">0</subfield>
    <subfield code="a">004.67 &#x62D; &#x641; &#x623;</subfield>
    <subfield code="c">&#x646; 1</subfield>
    <subfield code="d">2012-05-12</subfield>
    <subfield code="h">SZM</subfield>
    <subfield code="i">00104726</subfield>
    <subfield code="m">SZM</subfield>
    <subfield code="r">2013-03-10 00:00:00</subfield>
    <subfield code="t">BOOK</subfield>
    <subfield code="w">ddc</subfield>
    <subfield code="y">0</subfield>
  </datafield>
  <datafield tag="952" ind1=" " ind2=" ">
    <subfield code="1">0</subfield>
    <subfield code="2">2013-03-10</subfield>
    <subfield code="4">0</subfield>
    <subfield code="7">0</subfield>
    <subfield code="a">004.67 &#x62D; &#x641; &#x623;</subfield>
    <subfield code="c">&#x646; 2</subfield>
    <subfield code="d">2012-05-12</subfield>
    <subfield code="h">SZM</subfield>
    <subfield code="i">00104727</subfield>
    <subfield code="m">SZM</subfield>
    <subfield code="r">2013-03-10 00:00:00</subfield>
    <subfield code="t">BOOK</subfield>
    <subfield code="w">ddc</subfield>
    <subfield code="y">0</subfield>
  </datafield>
  <datafield tag="952" ind1=" " ind2=" ">
    <subfield code="1">0</subfield>
    <subfield code="2">2013-03-10</subfield>
    <subfield code="4">0</subfield>
    <subfield code="7">0</subfield>
    <subfield code="a">004.67 &#x62D; &#x641; &#x623;</subfield>
    <subfield code="c">&#x646; 1</subfield>
    <subfield code="d">2012-05-12</subfield>
    <subfield code="h">IC</subfield>
    <subfield code="i">00104728</subfield>
    <subfield code="m">IC</subfield>
    <subfield code="q">2014-11-09</subfield>
    <subfield code="r">2014-11-19 00:00:00</subfield>
    <subfield code="t">BOOK</subfield>
    <subfield code="w">ddc</subfield>
    <subfield code="y">1</subfield>
  </datafield>
  <datafield tag="952" ind1=" " ind2=" ">
    <subfield code="1">0</subfield>
    <subfield code="2">2013-03-10</subfield>
    <subfield code="4">0</subfield>
    <subfield code="7">0</subfield>
    <subfield code="a">004.67 &#x62D; &#x641; &#x623;</subfield>
    <subfield code="c">&#x646; 2</subfield>
    <subfield code="d">2012-05-12</subfield>
    <subfield code="h">IC</subfield>
    <subfield code="i">00104729</subfield>
    <subfield code="m">IC</subfield>
    <subfield code="q">2016-02-03</subfield>
    <subfield code="r">2016-02-15 00:00:00</subfield>
    <subfield code="t">BOOK</subfield>
    <subfield code="w">ddc</subfield>
    <subfield code="y">1</subfield>
  </datafield>
  <datafield tag="952" ind1=" " ind2=" ">
    <subfield code="1">0</subfield>
    <subfield code="2">2013-03-10</subfield>
    <subfield code="4">0</subfield>
    <subfield code="7">0</subfield>
    <subfield code="a">004.67 &#x62D; &#x641; &#x623;</subfield>
    <subfield code="c">&#x646; 1</subfield>
    <subfield code="d">2012-05-12</subfield>
    <subfield code="h">IC</subfield>
    <subfield code="i">00104730</subfield>
    <subfield code="m">IC</subfield>
    <subfield code="r">2013-03-10 00:00:00</subfield>
    <subfield code="t">BOOK</subfield>
    <subfield code="w">ddc</subfield>
    <subfield code="y">0</subfield>
  </datafield>
  <datafield tag="952" ind1=" " ind2=" ">
    <subfield code="1">0</subfield>
    <subfield code="2">2013-03-10</subfield>
    <subfield code="4">0</subfield>
    <subfield code="7">0</subfield>
    <subfield code="a">004.67 &#x62D; &#x641; &#x623;</subfield>
    <subfield code="c">&#x646; 2</subfield>
    <subfield code="d">2012-05-12</subfield>
    <subfield code="h">IC</subfield>
    <subfield code="i">00104731</subfield>
    <subfield code="m">IC</subfield>
    <subfield code="r">2013-03-10 00:00:00</subfield>
    <subfield code="t">BOOK</subfield>
    <subfield code="w">ddc</subfield>
    <subfield code="y">0</subfield>
  </datafield>
</record>
